Top 30 Highest Grossing 80's Movies Worldwide - Statistics

General Stats
  • This quiz has been taken 90 times
    87 since last reset
  • The average score is 6 of 30
Answer Stats
Grossed (in millions) Movie % Correct
$381.1 Back To The Future
70%
$793.4 E.T.
70%
$474.3 Indiana Jones And The Last Crusade
58%
$333.1 Indiana Jones And The Temple Of Doom
58%
$295.7 Ghostbusters
51%
$356.8 Top Gun
46%
$475.3 Star Wars: Return Of The Jedi
39%
$538.3 Star Wars: The Empire Strikes Back
36%
$316.4 Beverly Hills Cop
32%
$411.5 Batman
30%
$300.5 Rocky IV
26%
$354.8 Rain Man
20%
$329.8 Who Framed Roger Rabbit
16%
$320.1 Fatal Attraction
12%
$331.9 Back To The Future Part II
10%
$270.0 Rocky III
10%
$390.0 Indiana Jones And The Raiders Of The Lost Ark
9%
$240.0 Three Men And A Baby
9%
$216.6 Twins
9%
$288.7 Coming To America
6%
$235.9 Dead Poets' Society
6%
$328.2 Crocodile Dundee
4%
$227.85 Lethal Weapon 2
4%
$227.5 Out Of Africa
4%
$215.4 Ghostbusters II
3%
$300.4 Rambo: First Blood Part II
3%
$297.0 Look Who's Talking
1%
$299.9 Beverly Hills Cop Part II
0%
$239.6 Crocodile Dundee II
0%
$222.7 Honey, I Shrunk The Kids
0%
No matching quizzes found
Score Distribution
Percent of People with Each Score
Percentile by Number Answered
Your Score History
You have not taken this quiz since the last reset